| 000 | 01378naa a22003617a 4500 | ||
|---|---|---|---|
| 001 | BR7602847 | ||
| 003 | BR-BrBNA | ||
| 005 | 20250714141730.0 | ||
| 007 | ta | ||
| 008 | 250630b bl.|||m| |||| 00| 0 por d | ||
| 040 |
_aBR-BrBNA _bpor _cBiblioteca Nacional de Agricultura |
||
| 041 | _a(Pt) | ||
| 072 |
_aK20; E70 _b8901 _bG514 _bGZ70 |
||
| 090 | _aK20 BR7602847 | ||
| 100 | 1 | _aLopes, C.A.C. | |
| 111 | 1 |
_a2. Congresso Brasileiro de Florestas Tropicais _cMossoro, RN (Brazil) _d18 Jul 1976 |
|
| 245 | 1 | _aExplotacao florestal mecanizada em matas tropicais de planalto na regiao Amazonica - planejamento e metodologia de operacao [Administracao florestal; Transporte; Brasil] | |
| 500 | _aAnais do 2. Congresso Brasileiro de Florestas Tropicais Mossoro, RN (Brasil): 1976. p. 153-165 [9 ref.; Summary (Pt)] (BR7602847-AMS) | ||
| 773 | 0 |
_tAnais do 2. Congresso Brasileiro de Florestas Tropicais _wK20 BR7602847 _gMossoro, RN (Brasil), 1976. p. 153-165 |
|
| 650 | _aAdministracao florestal | ||
| 650 | _aComercializacao | ||
| 650 | _aMadeira | ||
| 650 | _aDesenvolvimento florestal | ||
| 650 | _aPlanejamento florestal | ||
| 650 | _aFloresta | ||
| 650 | _aDendrometria | ||
| 650 | _aEstoque | ||
| 650 | _aTransporte | ||
| 650 | _aAmazonia | ||
| 490 |
_aColecao Mossoroense (Brazil) _vv. 65 |
||
| 942 |
_cAMS _2AGRIS |
||
| 909 |
_a202506 _bLúcia _c55 _dLúcia Elande |
||
| 999 |
_c332954 _d332954 |
||